|
|
|
|
| LEADER |
00000nab a2200000 a 4500 |
| 001 |
vtls001523884 |
| 003 |
SK-MaSNL |
| 005 |
20260304143550.0 |
| 008 |
250505c2005 xo |r|p||| |000 b|slo |
| 015 |
|
|
|a SNBRB2005/04
|
| 035 |
|
|
|a (uuid)f656e5c1-ec64-4f42-9656-22f3266af3c8
|
| 035 |
|
|
|a urn:nbn:sk:snk-ab7jtu
|
| 035 |
|
|
|a (urnnbn)urn:nbn:sk:snk:ar-005z2n
|
| 038 |
|
|
|a SPK
|
| 040 |
|
|
|a SNKBUCL
|b slo
|c SNKBUCL
|e AACR2
|
| 041 |
0 |
|
|a slo
|
| 044 |
|
|
|a xo
|c SK
|
| 080 |
|
|
|a 37.013.42
|2 1997
|
| 100 |
1 |
|
|a Alberty, Ladislav,
|d 1949-
|4 aut
|9 217247
|
| 245 |
1 |
0 |
|a Celoslovenská vedecká konferencia s medzinárodnou účasťou pod názvom Sociálny pedagóg
|c Ladislav Alberty
|
| 650 |
0 |
7 |
|a sociálna pedagogika
|2 snkbucl
|9 16623
|
| 773 |
0 |
|
|t Pedagogická revue
|g Roč. 57, č. 1 (2005), s. 69-72
|x 1335-1982
|
| 850 |
|
|
|a Slovenská národná knižnica
|
| 852 |
|
|
|a Slovenská národná knižnica
|
| 954 |
|
|
|a odborná, vedecká literatúra pôvodná (slovenská)
|2 lita
|
| 958 |
|
|
|a article7
|
| 958 |
|
|
|a OND
|
| 958 |
|
|
|a EUIPO
|
| 999 |
|
|
|c 2926164
|d 2928094
|